00210nam a2200097Ia 4500008004100000041001200041100001300053245003400066260000600100650000600106221030s9999 xx 000 0 und d aEnglish aW. Henry 0aDictionary Of ITcby W. Henry c0 aB